000 00749nam a22002417a 4500
005 20210922102016.0
008 210922b ||||| |||| 00| 0 eng d
020 _a0330284215
040 _cAL
041 _aeng
082 _223
_a306.0973
_bTOFP
100 _aAlvin Toffler
_9196
245 _aPreviews and premises
260 _aLondon
_bPan Books
_c1984
300 _ax,230
_bPB
_c20*13 cm.
365 _aPound
_b2.95
_f2013/03/24
500 _aSociology
520 _aA highly personal look at jobs, identity, sex roles, information age politics, hidden forces driving the economy, and the pitfalls and promises of social change.
650 _2Capitalism
650 _2Socialism
700 _aTOFFLER (Alvin)
_9197
942 _2ddc
_cGF
999 _c216344
_d216344